| 000 | 00595nam a22002297a 4500 | ||
|---|---|---|---|
| 003 | UA-OsUOA | ||
| 001 | 87588 | ||
| 007 | ta | ||
| 008 | 20120920b un ||||| |||| 00| 0 ukr d | ||
| 100 | _aВасиленко А. | ||
| 090 |
_a821.161.2 _bВ19 |
||
| 942 | _cBK | ||
| 040 |
_aUA-OsUOA _bukr _cUA-OsUOA _dUA-OsUOA |
||
| 245 | _aКарикатури | ||
| 300 | _a64 с. | ||
| 955 | _a3 | ||
| 041 | _aukr | ||
| 080 | _a821.161.2 | ||
| 260 |
_aК. _bРадянська Україна _c1984 |
||
| 650 | 7 |
_a82 Література. Літературознавство _2UDC |
|
| 999 |
_c373698 _d373698 |
||